Statistiques concernant Signes astrologiques chinois par dates

Cliquez ici pour prendre le quiz!

Statistiques générales

  • Ce quiz a été pris 24 fois
  • Le résultat moyen est 10 sur 22

Statistiques - réponses

PériodesSigne Astrologique% Correct
25/01/2020 au 11/02/2021Rat
67%
24/01/2001 au 11/02/2002Serpent
61%
05/02/2000 au 23/01/2001Dragon
56%
07/02/2008 au 25/01/2009Rat
56%
12/02/2021 au 31/01/2022Buffle
50%
31/01/2014 au 18/02/2015Cheval
50%
09/02/2005 au 28/01/2006Coq
50%
23/01/2012 au 09/02/2012Dragon
50%
14/02/2010 au 02/02/2011Tigre
50%
12/02/2002 au 31/01/2003Cheval
44%
05/02/2019 au 24/01/2020Cochon
44%
18/02/2007 au 06/02/2008Cochon
44%
28/01/2017 au 15/02/2018Coq
44%
10/02/2013 au 30/01/2014Serpent
44%
19/02/2015 au 07/02/2016Chèvre
39%
01/02/2003 au 21/01/2004Chèvre
39%
16/02/2018 au 04/02/2019Chien
39%
29/01/2006 au 17/02/2007Chien
39%
03/02/2011 au 22/01/2012Lapin
39%
22/01/2004 au 08/02/2005Singe
39%
26/01/2009 au 13/02/2010Buffle
33%
08/02/2016 au 27/01/2017Singe
33%

Distribution des résultats

Percentile par nombre de réponses

% des personnes avec chaque résultat

Votre développement - résultats

Vous n’avez pas pris ce quiz